Gemstones & Minerals A-Z - Statistics

General Stats
  • This quiz has been taken 155 times
  • The average score is 14 of 26
Answer Stats
Letter Answer % Correct
A Abelsonite | Abenakiite | Abernathyite | Abhurite | Abswurmbachite +106 more
92%
D Danburite | Datolite | Davidite | Dawsonite | Delessite +14 more
87%
O Oligoclase | Olivenite | Olivine | Omphacite | Onyx +12 more
87%
S Sabatierite | Sabieite | Sabinaite | Safflorite | Salammoniac +79 more
82%
R Rambergite | Rammelsbergite | Realgar | Renierite | Rheniite +19 more
81%
Q Quartz | Quenstedtite | Qusongite
80%
G Gahnite | Galaxite | Galena | Garnet | Garnierite +29 more
79%
J Jacobsite | Jadarite | Jade | Jamesonite | Jarosewichite +7 more
77%
E Edingtonite | Ekanite | Elbaite | Elsmoreite | Emerald +15 more
74%
T Tachyhydrite | Taenite | Talc | Tantalite | Tantite +52 more
71%
B Babingtonite | Baddeleyite | Baotite | Barite | Barstowite +48 more
69%
C Cabriite | Cafetite | Calaverite | Calcite | Calderite +83 more
68%
L Labradorite | Lanarkite | Langbeinite | Lansfordite | Lanthanite +36 more
58%
M Mackinawite | Maghemite | Magnesia | Magnesioferrite | Magnesite +54 more
58%
P Painite | Palagonite | Palygorskie | Papagoite | Parachrysotile +51 more
55%
F Fabianite | Fassaita | Fayalite | Feldspar | Feldspathoid + 25 more
51%
Z Zabuyelite | Zaccagnaite | Zaherite | Zajacite | Zakharovite +23 more
49%
H Haggertyite | Haidingerite | Halite | Halloysite | Halotrichite +41 more
40%
I Idocrase | Idrialita | Ikalite | Illite | Ilmenite +4 more
27%
U Uchucchacuaite | Uklonskovite | Ulexite | Ullmanite | Ultramarine +11 more
25%
K Kaatialaite | Kadyrelite | Kainite | Kalininite | Kalinite +27 more
24%
N Nabesite | Nacrite | Nagyagite | Nahcolite | Natrolite +20 more
23%
W Wagnerite | Wardite | Warwickite | Wavellite | Weddellite +14 more
16%
V Vaesite | Valentinite | Vanadinite | Variscite | Vaterite +8 more
13%
X Xenotime | Xifengite | Xonotlite
5%
Y Ye'elimite | Ytterbite | Yttrialite | Yttrocerite | Yttrocolumbite
2%
No matching quizzes found
Score Distribution
Percent of People with Each Score
Percentile by Number Answered
Your Score History
You have not taken this quiz